|
|
|
|
| LEADER |
00000cam a2200000 7i4500 |
| 001 |
0000004190 |
| 005 |
20190110.0 |
| 020 |
0 |
0 |
|a 9781508746188
|
| 090 |
0 |
0 |
|a 623.7
|b DoD 2015
|
| 245 |
0 |
0 |
|a The role of autonomy in DoD systems
|c Department of Defense, Defense Science Board
|
| 260 |
0 |
0 |
|a USA :
|b Department Of Defense ,
|c 2015
|
| 300 |
|
|
|a 111 p. :
|b ill. ;
|c 28 cm.
|
| 500 |
0 |
0 |
|a Includes bibliographical references
|
| 650 |
0 |
0 |
|a Military
|
| 650 |
0 |
0 |
|a Unmanned systems
|
| 998 |
|
|
|a JPSM
|
| 999 |
|
|
|a 008063
|b Monograph
|c Open Shelf
|e Default branch
|
| 999 |
|
|
|a 008064
|b Monograph
|c Open Shelf
|e Default branch
|